|
|
|
|
| LEADER |
01178nam a2200325 a 4500 |
| 001 |
000423631 |
| 003 |
CZ BrMZK |
| 005 |
20201105145911.0 |
| 007 |
ta |
| 008 |
010907s1999 xr d 0 cze d |
| 015 |
|
|
|a cnb000701192
|
| 020 |
|
|
|a 80-7169-821-0
|
| 035 |
|
|
|a (OCoLC)84974372
|
| 040 |
|
|
|a BOA001
|b cze
|
| 072 |
|
7 |
|a 613
|x Hygiena. Lidské zdraví
|2 Konspekt
|9 14
|
| 080 |
|
|
|a 613.88:37.016
|2 MRF
|
| 080 |
|
|
|a (072)
|2 MRF
|
| 100 |
1 |
|
|a Trojan, Ondřej,
|d 1958-
|7 xx0101861
|4 aut
|
| 245 |
1 |
0 |
|a O čápech, vránách a dětech :
|b [výuková pomůcka pro studenty středních a vyšších zdravotnických škol] /
|c Ondřej Trojan
|
| 250 |
|
|
|a Vyd. 1.
|
| 260 |
|
|
|a Praha :
|b Grada,
|c 1999
|
| 300 |
|
|
|a 152 s. :
|b il. ;
|c 23 cm
|
| 490 |
1 |
|
|a Psyché
|
| 650 |
0 |
7 |
|a sexuální výchova
|7 ph117263
|2 czenas
|
| 655 |
|
7 |
|a učební pomůcky
|7 fd133775
|2 czenas
|
| 830 |
|
0 |
|a Psyché (Grada)
|0 s
|
| 856 |
4 |
1 |
|u http://www.digitalniknihovna.cz/mzk/uuid/uuid:d39460f0-29ab-11e3-9319-005056827e51
|y Digitalizovaný dokument
|x NDK
|
| 910 |
|
|
|a BOA001
|b 2-1060.404
|
| 990 |
|
|
|a BK
|
| 996 |
6 |
|
|b 2610094605
|c 2-1060.404
|l MZK
|r Sklad / do 1 hodiny
|n 21
|p p.v.
|w 000423631
|u 000010
|a 1
|e BOA001
|j MZK50
|s P
|